Abstract algebra. An integrated approach.
Zapisane w:
| 1. autor: | |
|---|---|
| Format: | Nieznany |
| Wydane: |
Providence, Rhode Island, USA:
American Mathematical Society,
2022.
|
| Seria: | Pure and Applied Undergraduate Texts ;
|
| Hasła przedmiotowe: | |
| Etykiety: |
Dodaj etykietę
Nie ma etykietki, Dołącz pierwszą etykiete!
|
MARC
| LEADER | 00000 a2200000 4500 | ||
|---|---|---|---|
| 003 | CL-VaPUC | ||
| 005 | 20231212155311.0 | ||
| 008 | 231205t2022 ||||| |||| 00| 0 eng d | ||
| 999 | |c 442568 |d 442566 | ||
| 020 | |a 9781470468606 | ||
| 040 | |c Pontificia Universidad Católica de Valparaíso | ||
| 082 | 7 | |a 512.02 SIL 2022 |2 22 | |
| 100 | |a Silverman, Joseph H. |9 302 |e author | ||
| 245 | |a Abstract algebra. |b An integrated approach. | ||
| 260 | |a Providence, Rhode Island, USA: |b American Mathematical Society, |c 2022. | ||
| 300 | |a xvii, 567 páginas. | ||
| 490 | |a Pure and Applied Undergraduate Texts ; |n 55. | ||
| 583 | |k GC |c 20231205 | ||
| 650 | 0 | |a Álgebra abstracta |9 260081 | |
| 650 | 0 | |a Teoría de campos y polinomios |9 886378 | |
| 650 | 0 | |a Álgebra conmutativa |9 269932 | |
| 650 | 0 | |a Teoría de grupos y generalizaciones |x Algebra abstracta |9 886379 | |
| 942 | |2 ddc |c BK | ||
| 952 | |0 0 |1 0 |2 ddc |4 0 |6 512_020000000000000_SIL_2022 |7 0 |8 A |9 592755 |a BIBMAT |b BIBMAT |c GEN |d 2023-12-05 |e 1 |g 58752.00 |i 5659736 |o 512.02 SIL 2022 |p 5659736 |r 2025-01-07 |t 2 |v 58752.00 |w 2023-12-05 |y BK |k MAT | ||
| 952 | |0 0 |1 0 |2 ddc |4 0 |6 512_020000000000000_SIL_2022 |7 0 |8 A |9 592756 |a BIBMAT |b BIBMAT |c GEN |d 2023-12-05 |e 1 |g 58752.00 |i 5659737 |l 3 |m 7 |o 512.02 SIL 2022 |p 5659737 |r 2025-01-07 |s 2024-05-08 |t 3 |v 58752.00 |w 2023-12-05 |y BK |k MAT | ||
| 952 | |0 0 |1 0 |2 ddc |4 0 |6 512_020000000000000_SIL_2022 |7 0 |8 A |9 592757 |a BIBMAT |b BIBMAT |c GEN |d 2023-12-05 |e 1 |g 58752.00 |i 5659735 |l 2 |o 512.02 SIL 2022 |p 5659735 |q 2025-07-31 |r 2025-05-07 |s 2025-05-07 |t 1 |v 58752.00 |w 2023-12-05 |y BK |k MAT | ||